000 01215nam a22003497a 4500
003 CHAP
005 20220817042049.0
008 971013s1962 r 00010 d
010 _a33434
011 _a34406
035 _a38522
040 _cCHAP
082 _a636.085
_bM39 1962
100 0 0 _aMaynard, Leonard Amley
_973249
245 1 _aAnimal nutrition
250 _a5 ed.
260 _aNew York :
_bMcGraw-Hill,
_c1962
300 _a533 p
590 _aBATCH-UPD
_b10
_c20130110
_lUCH01
_h1547
590 _aBATCH-UPD
_b10
_c20130410
_lUCH01
_h0946
590 _aBATCH-UPD
_b10
_c20130914
_lUCH01
_h1734
590 _aCONVERSION
_b10
_c20130109
_lUCH01
_h1319
650 1 4 _aAlimentos y alimentacion del ganado.
_94326
650 1 4 _aNutrición animal.
700 0 _aLoosli, John K.
_968490
901 _aBK
942 _cLIBRO
949 _a636.085 M39 1962
_bBC
_cLIBRO
_d33724000687968
_eLIBRO
_h24319
_i38522
_si
_t119.00
949 _a636.085 M39 1962
_bBC
_cLIBRO
_d33724000688446
_eLIBRO
_fc.2
_h24320
_i38522
_si
_t119.00
949 _a636.085 M39 1962
_bBC
_cLIBRO
_d33724000688453
_eLIBRO
_fc.3
_h24321
_i38522
_si
_t119.00
949 _a636.085 M39 1962
_bBC
_cLIBRO
_d33724002124199
_eLIBRO
_fc.4
_gI.c/e
_h111032
_i38522
_sb
999 _c33434
_d33434